Lyrics to Walls by Louis Tomlinson - Statistics

General Stats
  • This quiz has been taken 594 times
  • The average score is 222 of 270
Answer Stats
Lyric % Correct
i
99%
I
99%
a
98%
The
98%
the
98%
walls,
98%
walls
98%
you
97%
(you
97%
no
94%
up
94%
And
93%
and
93%
high
93%
these
93%
These
93%
all
92%
my
90%
for
89%
For
89%
came
88%
So
88%
so
88%
down
86%
now
86%
Now
86%
stand
86%
them
86%
to
86%
what
86%
alone
85%
be
85%
never
85%
(never
85%
Nothing
85%
of
85%
waking
85%
But
84%
that
84%
wakes
84%
broke
83%
falling
83%
Falling
83%
like
83%
short
83%
come
82%
is
82%
than
82%
soul,
81%
left
77%
they
77%
us
77%
am
76%
day
76%
taller
75%
man
74%
Was
74%
was
74%
ever
73%
full
73%
became
72%
"why",
72%
Why
72%
clothes
71%
away
70%
took
70%
walked
70%
watched
70%
who
70%
ground
69%
love
68%
love)
68%
that's
68%
"because"
67%
"because")
67%
me
67%
me,
67%
this
67%
higher
66%
hurt
66%
were
65%
hurtin'
64%
makes
64%
every
63%
in
63%
question
63%
cupboard
61%
did
61%
one
61%
enough
59%
enough)
59%
it
58%
thank you
58%
eyes,
57%
looked
57%
saw
57%
(saw
57%
lost
56%
lost)
56%
are
55%
will
54%
bittersweet
51%
words
51%
amount
50%
often
49%
"Oh,
48%
oh"
48%
see
47%
(hurting
46%
just
44%
say
44%
hope
41%
'thank you's'
39%
you'll
33%
No matching quizzes found
Score Distribution
Percent of People with Each Score
Percentile by Number Answered
Your Score History
You have not taken this quiz